<?xml version="1.0" encoding="UTF-8"?>
<collection xmlns="http://www.loc.gov/MARC21/slim">
 <record>
  <leader>02456cam a2200409 a 4500</leader>
  <controlfield tag="001">000044592</controlfield>
  <controlfield tag="003">2994</controlfield>
  <controlfield tag="005">20060511094952.0</controlfield>
  <controlfield tag="008">010314b2004    vm            000   vie</controlfield>
  <datafield tag="020" ind1=" " ind2=" ">
   <subfield code="c">72000</subfield>
  </datafield>
  <datafield tag="040" ind1=" " ind2=" ">
   <subfield code="a">LRC</subfield>
   <subfield code="c">LRC</subfield>
   <subfield code="d">LRC</subfield>
  </datafield>
  <datafield tag="041" ind1="0" ind2=" ">
   <subfield code="a">vie</subfield>
  </datafield>
  <datafield tag="082" ind1="1" ind2="4">
   <subfield code="a">657.8</subfield>
   <subfield code="b">HA-H</subfield>
  </datafield>
  <datafield tag="100" ind1="1" ind2=" ">
   <subfield code="a">Hà Thị Ngọc Hà.</subfield>
  </datafield>
  <datafield tag="245" ind1="1" ind2="0">
   <subfield code="a">117 sơ đồ kế toán áp dụng cho đơn vị sự nghiệp có thu :</subfield>
   <subfield code="b">Đã thực hiện nghị định số 10/NĐ-CP ngày 16/01/2002 của chính phủ (Biên soạn theo chế độ kế toán hành chính sự nghiệp đã sửa đổi, bổ sung đến tháng 3/2004 và luật kế toán) /</subfield>
   <subfield code="c">Hà Thị Ngọc Hà, Lê Thị Tuyết Nhung, Nghiêm Mạnh Hùng.</subfield>
  </datafield>
  <datafield tag="246" ind1="3" ind2=" ">
   <subfield code="a">Một trăm mười bảy sơ đồ kế toán áp dụng cho đơn vị sự nghiệp có thu :</subfield>
   <subfield code="b">Đã thực hiện nghị định số 10/NĐ-CP ngày 16/01/2002 của chính phủ (Biên soạn theo chế độ kế toán hành chính sự nghiệp đã sửa đổi, bổ sung đến tháng 3/2004 và luật kế toán).</subfield>
  </datafield>
  <datafield tag="260" ind1=" " ind2=" ">
   <subfield code="a">Hà Nội :</subfield>
   <subfield code="b">Tài chính,</subfield>
   <subfield code="c">2004.</subfield>
  </datafield>
  <datafield tag="300" ind1=" " ind2=" ">
   <subfield code="a">311 tr. ;</subfield>
   <subfield code="c">28 cm.</subfield>
  </datafield>
  <datafield tag="520" ind1="3" ind2=" ">
   <subfield code="a">Danh mục hệ thống tài khoản kế toán áp dụng cho các đơn vị sự nghiệp có thu (Ban hành theo Quyết định số 999-TC/QĐ?CĐKT ngày 02/11/1996 của Bộ Tài chính và đã sửa đổi, bổ sung đến tháng 3/2004); Sơ đồ kế toán các phần hành; Danh mục hệ thống biểu mẫu báo cáo tài chính áp dụng cho các đơn vị sự nghiệp có thu (Ban hành theo Quyết định số 999-TC/QĐ/CĐKT ngày 02/11/1996 của Bộ Tài chính và đã sửa đổi, bổ sung đến tháng 3/2004).</subfield>
  </datafield>
  <datafield tag="630" ind1="0" ind2="4">
   <subfield code="a">Tài chính.</subfield>
  </datafield>
  <datafield tag="630" ind1="0" ind2="4">
   <subfield code="a">Kế toán.</subfield>
  </datafield>
  <datafield tag="650" ind1="0" ind2="4">
   <subfield code="a">Tài chính</subfield>
   <subfield code="x">Đơn vị sự nghiệp có thu.</subfield>
  </datafield>
  <datafield tag="650" ind1="0" ind2="4">
   <subfield code="a">Kế toán</subfield>
   <subfield code="x">Đơn vị sự nghiệp có thu.</subfield>
  </datafield>
  <datafield tag="700" ind1="1" ind2=" ">
   <subfield code="a">Lê Thị Tuyết Nhung.</subfield>
  </datafield>
  <datafield tag="700" ind1="1" ind2=" ">
   <subfield code="a">Nghiêm Mạnh Hùng.</subfield>
  </datafield>
  <datafield tag="OWN" ind1=" " ind2=" ">
   <subfield code="a">DUT</subfield>
  </datafield>
  <datafield tag="AVA" ind1=" " ind2=" ">
   <subfield code="a">UDN50</subfield>
   <subfield code="b">DUT</subfield>
   <subfield code="c">Book</subfield>
   <subfield code="d">657.8 HA-H</subfield>
   <subfield code="e">available</subfield>
   <subfield code="t">Error 5001 Not defined in file expand_doc_bib_avail.</subfield>
   <subfield code="f">2</subfield>
   <subfield code="g">0</subfield>
   <subfield code="h">N</subfield>
   <subfield code="i">0</subfield>
   <subfield code="j">SH</subfield>
   <subfield code="k">1</subfield>
  </datafield>
  <datafield tag="999" ind1=" " ind2=" ">
   <subfield code="a">From the UDN01</subfield>
  </datafield>
  <datafield tag="AVA" ind1=" " ind2=" ">
   <subfield code="a">UDN50</subfield>
   <subfield code="b">DUT</subfield>
   <subfield code="c">Book</subfield>
   <subfield code="d">657.8 HA-H</subfield>
   <subfield code="e">available</subfield>
   <subfield code="t">Error 5001 Not defined in file expand_doc_bib_avail.</subfield>
   <subfield code="f">2</subfield>
   <subfield code="g">0</subfield>
   <subfield code="h">N</subfield>
   <subfield code="i">0</subfield>
   <subfield code="j">SH</subfield>
   <subfield code="k">1</subfield>
  </datafield>
  <datafield tag="TYP" ind1=" " ind2=" ">
   <subfield code="a">Monograph</subfield>
  </datafield>
  <datafield tag="TYP" ind1=" " ind2=" ">
   <subfield code="a">Printed language</subfield>
  </datafield>
  <datafield tag="980" ind1=" " ind2=" ">
   <subfield code="a">Mạng thư viện Đại học Đà Nẵng</subfield>
  </datafield>
 </record>
</collection>
